| 000 | 00940nam a22002297a 4500 | ||
|---|---|---|---|
| 003 | Uzh_bibl | ||
| 008 | 260430b |||||||| |||| 00| 0 ukr d | ||
| 020 |
_a966-524-218-0 _c3.75 |
||
| 040 | _bукр. | ||
| 041 |
_2ukr _aukr |
||
| 080 | _a94(477) | ||
| 090 |
_a94(477) _bЛ 93 |
||
| 100 | _aЛюдний,Федір | ||
| 245 |
_aДорогами війни _cхудож.оформ.О.С.Сідавського _hТекст |
||
| 260 |
_aКиїв _bУкраїна _c2005 |
||
| 300 |
_a420 с. _fВ опр. |
||
| 520 | _a У книзі зібрано спогади ветеранів війни, нариси, біографічні матеріали про бойовий і трудовий шлях фронтовиків | ||
| 521 | _aДля широкого кола читачів | ||
| 546 | _aукр. | ||
| 650 |
_aНауково-популярне видання _vІсторична література |
||
| 942 |
_2udc _cBK |
||
| 999 |
_c17582 _d17582 |
||